000 00325nam a2200133Ia 4500
003 Ost
005 20260225132556.0
008 260225s9999||||xx |||||||||||||| ||und||
040 _cfsic
041 _afre
082 _a440
245 0 _aCatalogue des films documentaires en 35 mm-16 mm standard et vidéo /
942 _cكتاب
999 _c34443
_d34443